Scientific and technical translation.
Uloženo v:
| Hlavní autor: | |
|---|---|
| Médium: | Neznámo |
| Vydáno: |
Oxford, United Kingdom:
Routledge Taylor & Francis Group,
2016.
|
| Edice: | Routledge Translation Guides
|
| Témata: | |
| Tagy: |
Přidat tag
Žádné tagy, Buďte první, kdo vytvoří štítek k tomuto záznamu!
|
MARC
| LEADER | 00000 a2200000 4500 | ||
|---|---|---|---|
| 003 | CL-VaPUC | ||
| 005 | 20230102140234.0 | ||
| 008 | 221220t2016 ||||| |||| 00| 0 eng d | ||
| 999 | |c 439470 |d 439468 | ||
| 020 | |a 978-0415837866 | ||
| 040 | |c Pontificia Universidad Católica de Valparaíso | ||
| 082 | 7 | |a 418.02072 OLO 2016 |2 22 | |
| 100 | 1 | |a Olohan, Maeve |9 878648 |e author | |
| 245 | |a Scientific and technical translation. | ||
| 260 | |a Oxford, United Kingdom: |b Routledge Taylor & Francis Group, |c 2016. | ||
| 300 | |a 253 páginas. | ||
| 490 | |a Routledge Translation Guides | ||
| 583 | |k GC |c 20221220 | ||
| 650 | 0 | |a Traducción e interpretación |9 315998 |x Investigación |x Metodología | |
| 942 | |2 ddc |c BK | ||
| 952 | |0 0 |1 0 |2 ddc |4 0 |6 418_020720000000000_OLO_2016 |7 0 |8 A |9 588370 |a BIBEDU |b BIBEDU |c GEN |d 2022-12-19 |e 74 |g 47251.00 |i 5656158 |l 5 |m 2 |o 418.02072 OLO 2016 |p 5656158 |q 2025-05-14 |r 2025-05-07 |s 2025-05-07 |t 1 |v 47251.00 |w 2022-12-19 |y BK |k LIT | ||